2910-小野市(兵庫県)の駅 - Statistics

General Stats
  • This quiz has been taken 10 times
  • The average score is 6 of 8
Answer Stats
Answer % Correct
小野
100%
粟生
100%
市場
83%
葉多
83%
小野町
67%
河合西
67%
青野ヶ原
67%
樫山
50%
No matching quizzes found
Score Distribution
Percent of People with Each Score
Percentile by Number Answered
Your Score History
You have not taken this quiz